000
00339nam a2200145Ia 4500
008
150301s2015 xx 000 0 und d
082
_a
615.1
_b
I13G
100
_a
A.K GUPTA
245
_a
INTRODUCTION TO PHARMACEUTICS -||
250
_a
4TH
260
_b
AHYA BOOK COMP
300
_a
290
650
_a
PHARMACEUTICS
942
_2
ddc
_c
BK
_0
58
999
_c
7067
_d
7067